| 000 | 01163nam0a22003371 4500 | ||
|---|---|---|---|
| 001 | v19\rc\1814286 | ||
| 005 | 20130417181316.3 | ||
| 035 | _a(NLR Aleph) 004913432 | ||
| 090 |
_a5501567 _c5501567 |
||
| 100 | _a20071224d1906 |||y0rusy50 ca | ||
| 101 | 1 |
_arus _cger |
|
| 102 | _aRU | ||
| 105 | _ac z ||||| | ||
| 200 | 1 |
_aГенрих Гейне _eК дню 50-летия его смерти _fАльфред Шелер _gПер. [и предисл.] Ю. Гольдендаха |
|
| 210 |
_aМосква _cт-во скоропеч. А.А. Левенсон _d1906 |
||
| 215 |
_a23 с. _cпортр. _d23 |
||
| 700 | 1 |
_aШелер _bА. _gАльфред |
|
| 702 | 1 |
_aГольдендах _bЮ. О. _f1840- _gЮлий Осипович _4730 _4080 |
|
| 702 | 1 |
_aГейне _bГ. _f1797-1856 _gГенрих _3RU\NLR\AUTH\7718910 _4570 _7ca |
|
| 801 | 0 |
_aRU _bNLR _gpsbo |
|
| 801 | 0 |
_aRU _bRuMoRGB _2psbo |
|
| 801 | 1 |
_aRU _bProSoft-M _2rusmarc |
|
| 801 | 2 |
_aRU _bNLR _c20130417 _2rusmarc |
|
| 852 |
_aNLR _j34.50.4.1323 |
||
| 899 |
_aRuMoRGB _jM 35/268 |
||
| 899 |
_aRuMoRGB _jC 38/778 |
||
| 899 | _aБАН | ||
| 899 | _aГПИБ | ||
| 899 | _aНБ МГУ | ||
| 942 | _cBOOK | ||
| 980 | _aNB | ||